<?xml version="1.0" encoding="UTF-8"?>
<collection xmlns="http://www.loc.gov/MARC21/slim">
 <record>
  <leader>00652cam a2200169 7i4500</leader>
  <controlfield tag="001">0000043853</controlfield>
  <controlfield tag="005">20140612090000.0</controlfield>
  <datafield tag="020" ind1="#" ind2="0">
   <subfield code="a">0121098915 </subfield>
  </datafield>
  <datafield tag="090" ind1="0" ind2="0">
   <subfield code="a">HC 79 S3 </subfield>
   <subfield code="b">L693</subfield>
  </datafield>
  <datafield tag="245" ind1="0" ind2="0">
   <subfield code="a">Life-cycle savings and public policy : </subfield>
   <subfield code="b">a cross-national study of six countries  </subfield>
   <subfield code="c">edited by Axel Bo·rsch-Supan.</subfield>
  </datafield>
  <datafield tag="260" ind1="#" ind2="#">
   <subfield code="a">Boston: </subfield>
   <subfield code="b">Academic Press, </subfield>
   <subfield code="c">c2003.</subfield>
  </datafield>
  <datafield tag="300" ind1="#" ind2="#">
   <subfield code="a">xi, 402 p.: </subfield>
   <subfield code="b">ill.; </subfield>
   <subfield code="c">24 cm..</subfield>
  </datafield>
  <datafield tag="590" ind1="#" ind2="#">
   <subfield code="a">Pusat Pengajian Pembangunan Sosial dan Ekonomi</subfield>
  </datafield>
  <datafield tag="650" ind1="0" ind2="0">
   <subfield code="a">Pensions -- </subfield>
   <subfield code="x">Cross-cultural studies </subfield>
  </datafield>
  <datafield tag="650" ind1="0" ind2="0">
   <subfield code="a">Saving and investment -- </subfield>
   <subfield code="x">Cross-cultural studies </subfield>
  </datafield>
  <datafield tag="700" ind1="1" ind2="1">
   <subfield code="a">Bo·rsch-Supan, </subfield>
   <subfield code="h">Axel </subfield>
  </datafield>
  <datafield tag="999" ind1=" " ind2=" ">
   <subfield code="a">1100033130</subfield>
   <subfield code="b">Book</subfield>
   <subfield code="c">Open Shelf</subfield>
   <subfield code="e">KOLEKSI TERBUKA</subfield>
  </datafield>
 </record>
</collection>
